[Event "SVK-ch U14 Girls"]
[Site "Stara Lubovna"]
[Date "2021.07.02"]
[Round "8"]
[White "Ruzova, Valeria"]
[Black "Konopova, Barbora"]
[Result "0-1"]
[WhiteElo "1095"]
[BlackElo "1283"]
[PlyCount "32"]
[EventDate "2021.06.26"]
[EventType "swiss"]
[EventRounds "9"]
[EventCountry "SVK"]
[SourceTitle "CBM 203 Extra"]
[Source "ChessBase"]
[SourceDate "2021.09.30"]
[SourceVersion "1"]
[SourceVersionDate "2021.09.30"]
[SourceQuality "1"]

1. e4 e5 2. Nf3 Nc6 3. Bc4 Bc5 4. 0-0 Nf6 5. Nc3 d6 6. d3 Bg4 7. h3 Bh5 8. g4 Bg6 9. Nh4 Nd4 10. Nxg6 hxg6 11. Kg2 c6 12. g5 Nh5 13. Be3 Nf4+ 14. Kh2 Rxh3+ 15. Kg1 Qxg5+ 16. Qg4 Qxg4# 0-1

[Event "SVK-ch U14 Girls"]
[Site "Stara Lubovna"]
[Date "2021.06.26"]
[Round "1"]
[White "Vojtekova, Tereza"]
[Black "Konopova, Barbora"]
[Result "0-1"]
[WhiteElo "1048"]
[BlackElo "1283"]
[PlyCount "124"]
[EventDate "2021.06.26"]
[EventType "swiss"]
[EventRounds "9"]
[EventCountry "SVK"]
[SourceTitle "CBM 203 Extra"]
[Source "ChessBase"]
[SourceDate "2021.09.30"]
[SourceVersion "1"]
[SourceVersionDate "2021.09.30"]
[SourceQuality "1"]

1. e4 e5 2. Nf3 Nc6 3. Nc3 Bc5 4. Bb5 a6 5. Bxc6 bxc6 6. d3 Nf6 7. Bg5 h6 8. Bxf6 Qxf6 9. Qe2 Bb4 10. Qd2 d6 11. 0-0-0 Bg4 12. a3 Ba5 13. Rhg1 Bxf3 14. gxf3 g6 15. Rg3 Qh4 16. Rh1 d5 17. Qe1 Qf4+ 18. Qd2 Qxd2+ 19. Kxd2 d4 20. b4 dxc3+ 21. Kxc3 Bb6 22. Rg2 Bd4+ 23. Kd2 g5 24. c3 Ba7 25. c4 0-0-0 26. a4 Bd4 27. b5 cxb5 28. axb5 axb5 29. cxb5 Kb7 30. Ke2 Ra8 31. Rgg1 Ra2+ 32. Kf1 Ra1+ 33. Ke2 Rxg1 34. Rxg1 Kb6 35. Rb1 h5 36. Kf1 f6 37. Kg2 Rd8 38. Kf1 Kb7 39. h3 Bb6 40. Ke2 Rd6 41. Rb3 Kc8 42. Rb1 Kd8 43. Rc1 Ke7 44. Rh1 Rd4 45. Rc1 Rb4 46. Rh1 Rxb5 47. h4 Rb2+ 48. Kf1 Rb1+ 49. Kg2 Rxh1 50. Kxh1 Bxf2 51. Kg2 Bxh4 52. Kh3 Kd6 53. Kg2 Kc5 54. Kf1 Kd4 55. Ke2 Bg3 56. Kd2 Bf4+ 57. Kc2 h4 58. Kd1 h3 59. Ke2 h2 60. Kf1 h1Q+ 61. Kf2 Qh2+ 62. Kf1 Ke3 0-1